geog.1 Workbook : (Record no. 6368)

MARC details
000 -LEADER
fixed length control field 00776nam a22002057a 4500
001 - CONTROL NUMBER
control field 6368
003 - CONTROL NUMBER IDENTIFIER
control field FISKH
005 - DATE AND TIME OF LATEST TRANSACTION
control field 20250424105842.0
008 - FIXED-LENGTH DATA ELEMENTS--GENERAL INFORMATION
fixed length control field 250424b cb ||||| |||| 00| 0 eng d
020 ## - INTERNATIONAL STANDARD BOOK NUMBER
International Standard Book Number 9780198356912
040 ## - CATALOGING SOURCE
Original cataloging agency FISKH
Language of cataloging eng
Transcribing agency FISKH
Modifying agency FISKH
100 ## - MAIN ENTRY--PERSONAL NAME
Personal name Woolliscroft, Justin
245 ## - TITLE STATEMENT
Title geog.1 Workbook :
Remainder of title Answer book 4th Edition /
Statement of responsibility, etc. By Justin Woolliscroft
250 ## - EDITION STATEMENT
Edition statement First published 2006
260 ## - PUBLICATION, DISTRIBUTION, ETC.
Place of publication, distribution, etc. Oxford :
Name of publisher, distributor, etc. Oxford University Press,
Date of publication, distribution, etc. 2014.
300 ## - PHYSICAL DESCRIPTION
Extent 70 pages :
Other physical details illustrations, maps ;
Dimensions 29 cm .
520 ## - SUMMARY, ETC.
Summary, etc. A help-at-a-glance answer book providing support for the new-edition geog.1 workbook, which has been revised and updated to deliver the new Programme of Study for Geography at Key Stage 3.
942 ## - ADDED ENTRY ELEMENTS (KOHA)
Source of classification or shelving scheme Dewey Decimal Classification
Koha item type Books
Suppress in OPAC No
Holdings
Withdrawn status Lost status Source of classification or shelving scheme Damaged status Not for loan Collection Home library Current library Shelving location Date acquired Total Checkouts Full call number Barcode Date last seen Price effective from Koha item type
    Dewey Decimal Classification     Reference Footprints International School Library Network Toul Tom Poung Campus Footprints International School Library Network Toul Tom Poung Campus TTP Secondary Non-Fiction Bookshelves 04/24/2025   WOO FISSE03339 04/24/2025 04/24/2025 Books